000 00903nam a2200229Ii 4500
003 JO-AjNU
008 230605s9999||||xx |||||||||||||| ||und||
017 _a1996/9416
020 _a977-200-167-5
040 _aJO-AjNU
_bara
_erda
_cJO-AjNU
041 _aara
050 1 4 _aDS35.62.S424 1996
100 3 _aشلبي، أحمد,
_eauthor
_938567
245 0 0 _a صراع الحضارات في القرن الحادي والعشرين ودور الحضارة الاسلامية في هذا الصراع
264 3 1 _aالقاهرة: مكتبة النهضة المصرية، 1996
300 _a321ص
336 _atext
_btxt
_2rdacontent
337 _aunmediated
_bn
_2rdamedia
338 _avolume
_bnc
_2rdacarrier
490 0 _aالمكتبة الاسلامية لكل الاعمار؛ 94-95-96
650 4 _aحضارة اسلامية -تاثيرات غربية - علاقات دولية
_938568
999 _aA16214
_c19782
_d19782